El héroe absurdo en la obra de Updikei Styron: Bellow y Salinger

Сохранить в:
Библиографические подробности
Главный автор: Galloway, David
Формат:
Язык:Undetermined
Опубликовано: Buenos Aires, Argentina Fraterna 1985
Предметы:
Метки: Добавить метку
Нет меток, Требуется 1-ая метка записи!

MARC

LEADER 00000nam a2200000Ia 4500
008 170316s9999 xx 000 0 und d
040 |a cru BVZT 
090 |a 810 G-5h 
100 |a Galloway, David 
245 |a El héroe absurdo en la obra de Updikei Styron: Bellow y Salinger 
260 |a Buenos Aires, Argentina 
260 |b Fraterna 
260 |c 1985 
300 |a 367 páginas 
650 |a LITERATURA ESTADOUNIDENSE 
999 |c 5683  |d 5683 
942 |c 15 D  |h 810 G-5h  |2 z